|
|
|
|
| LEADER |
00000naa2a2200000 4500 |
| 001 |
604402 |
| 005 |
20260206154004.0 |
| 035 |
|
|
|a (RuTPU)RU\TPU\conf\1674
|
| 035 |
|
|
|a RU\TPU\conf\1673
|
| 090 |
|
|
|a 604402
|
| 100 |
|
|
|a 20140303d2013 k y0rusy50 ca
|
| 101 |
0 |
|
|a rus
|
| 102 |
|
|
|a RU
|
| 135 |
|
|
|a drnn ---uucaa
|
| 181 |
|
0 |
|a i
|
| 182 |
|
0 |
|a b
|
| 200 |
1 |
|
|a Оптимизация загрузки аппаратных компонентов IT-инфраструктуры и применение технологии "умного дома"
|f И. А. Лаптев
|
| 203 |
|
|
|a Текст
|c электронный
|
| 225 |
1 |
|
|a Стратегия энергосбережения в энергетике
|
| 300 |
|
|
|a Заглавие с титульного экрана
|
| 320 |
|
|
|a [Библиогр.: с. 50 (6 назв.)]
|
| 337 |
|
|
|a Adobe Reader
|
| 461 |
|
1 |
|0 (RuTPU)RU\TPU\conf\493
|t Энергетика, электромеханика и энергоэффективные технологии глазами молодежи
|o сборник трудов Российской молодежной научной конференции, 3-4 декабря 2013 г., Томск
|o в 2 т.
|f Национальный исследовательский Томский политехнический университет (ТПУ)
|d 2013
|
| 463 |
|
1 |
|0 (RuTPU)RU\TPU\conf\498
|t Т. 2
|v [С. 47-50]
|d 2013
|
| 610 |
1 |
|
|a труды учёных ТПУ
|
| 610 |
1 |
|
|a электронный ресурс
|
| 610 |
1 |
|
|a IT-технологии
|
| 610 |
1 |
|
|a аппаратные компоненты
|
| 610 |
1 |
|
|a Умный дом
|
| 610 |
1 |
|
|a инфраструктура
|
| 700 |
|
1 |
|a Лаптев
|b И. А.
|
| 801 |
|
2 |
|a RU
|b 63413507
|c 20140327
|g RCR
|
| 856 |
4 |
|
|u http://www.lib.tpu.ru/fulltext/c/2013/C50/V2/014.pdf
|
| 942 |
|
|
|c CF
|